Richest Countries in Southeast Asia - Statistics

General Stats
  • This quiz has been taken 29 times
  • The average score is 11 of 11
Answer Stats
Hint Answer % Correct
2 Brunei
100%
9 Cambodia
100%
5 Indonesia
100%
3 Malaysia
100%
1 Singapore
100%
4 Thailand
100%
8 Laos
96%
7 Philippines
93%
6 Vietnam
93%
11 East Timor
89%
10 Myanmar
89%
No matching quizzes found
Score Distribution
Percent of People with Each Score
Percentile by Number Answered
Your Score History
You have not taken this quiz